Normal view
MARC view
Entry Personal Name
001 - CONTROL NUMBER
- control field: 3459
003 - CONTROL NUMBER IDENTIFIER
- control field: OSt
005 - DATE AND TIME OF LATEST TRANSACTION
- control field: 20190318125803.0
008 - FIXED-LENGTH DATA ELEMENTS
- fixed length control field: 190318|| aca||aabn | a|a d
040 ## - CATALOGING SOURCE
- Original cataloging agency: OSt
- Transcribing agency: OSt
100 ## - HEADING--PERSONAL NAME
- Personal name: Madras. Committee of Enquiry into the Working of the Scheme of Separation of the Judiciary from the Executive
670 ## - SOURCE DATA FOUND
- Source citation: Work cat.: (OSt): Madras. Committee of Enquiry into the Working of the Scheme of Separation of the Judiciary from the Executive, Report of the Committee of Enquiry into the Working of the Scheme of Separation of the Judiciary from the Executive, 1952, 1953
